000 00695nam a22002417a 4500
003 UA-OsUOA
001 34166
007 ta
008 20050926b un ||||| |||| 00| 0 ukr d
100 _aОжешко Э.
090 _a821.162.1
_bО-45
942 _cBK
040 _aUA-OsUOA
_brus
_cUA-OsUOA
_dUA-OsUOA
245 _aНад Неманом
_cперевод с польского Лаврова В.
300 _a448 с.
955 _a3
041 _arus
080 _a821.162.1
020 _a5-280-00282-8
260 _aМ.
_bХудожественная литература
_c1988
650 7 _a82 Література. Літературознавство
_2UDC
999 _c320599
_d320599